000 00370nam a2200157Ia 4500
008 210210b1987 xxu||||| |||| 00| 0 eng d
041 _aeng
082 _a820.13 SKAS
100 _aSKANDA PRASAD (V S)
245 _aSweet sixteen
260 _aMangalore
_bChetana Books
_c1987
300 _a28
650 _aPoems
690 _aIndian English Poetry
906 _a042284
999 _c91790
_d91790